Projekt ako nástroj zmeny v podmienkach štátnej správy diplomová práca

Salvato in:
Dettagli Bibliografici
Autore principale: Heringhová, Ľubomíra
Ente Autore: Fakulta podnikového manažmentu EU. Katedra manažmentu
Altri autori: Majtán, Miroslav
Natura: Libro
Lingua:slovacco
Pubblicazione: Bratislava 2008
Tags: Aggiungi Tag
Nessun Tag, puoi essere il primo ad aggiungerne!!

MARC

LEADER 00000nam$a2200000$$$4500
001 0086452
005 20240201120210.9
041 0 |a slo 
044 |a SK 
245 1 0 |a Projekt ako nástroj zmeny v podmienkach štátnej správy  |b diplomová práca  |c Ľubomíra Heringhová ; škol. Miroslav Majtán 
264 1 |a Bratislava  |c 2008 
300 |a 80 s. 
100 1 |a Heringhová, Ľubomíra 
700 1 |a Majtán, Miroslav 
710 2 |a Fakulta podnikového manažmentu EU. Katedra manažmentu